Normal view
MARC view
Entry Personal Name
001 - CONTROL NUMBER
- control field: 1236457
003 - CONTROL NUMBER IDENTIFIER
- control field: OSt
005 - DATE AND TIME OF LATEST TRANSACTION
- control field: 20260430150110.0
008 - FIXED-LENGTH DATA ELEMENTS
- fixed length control field: 260430|| aca||aabn | a|a d
040 ## - CATALOGING SOURCE
- Original cataloging agency: OSt
- Transcribing agency: OSt
100 ## - HEADING--PERSONAL NAME
- Personal name: University of Delhi. Faculty of Medical Sciences. Department of B.R. Ambedkar Center for Biomedical Resarch
670 ## - SOURCE DATA FOUND
- Source citation: Work cat.: (OSt)1848940: Dinesh Kumar Au.; Saluja Daman Gu. 1236456, Investigate the role of miRNAs in the pathogenesis of coronary artery disearse, 2021
